• 首页
  • 本馆介绍
  • 公告通知
  • 最新文献
  • 馆藏检索
  • 电子资源
  • 读者导购
  • 参考咨询
  • 我的图书馆
  • 登录
  • 详细信息显示
  • 放入我的书架
  • 预约/预借图书
  • 作者相关作品
  • 分类相关作品
  • 丛书相关作品
  • 出版社相关作品

书目信息

  • 表格格式
  • 工作单格式
  • 卡片格式
题名:
孩子一定要学的礼仪课
    
 
作者: 拉尼亚多 著 ;唐冲 译
分册:  
出版信息: 北京   北京理工大学出版社  2019.10
页数: 146页
开本: 21cm
丛书名: 关键期关键帮助系列
单 册:
中图分类: G611
科图分类:
主题词: 礼仪--li yi--学前教育--教学参考资料
电子资源:
ISBN: 978-7-5682-7472-2
000 01257nam 2200277 450
001 0105143334
005 20201105143351.0
010    @a978-7-5682-7472-2@dCNY39.80
100    @a20200408d2019 em y0chiy50 ea
101 1  @achi@cita
102    @aCN@b110000
105    @ay z 000yy
106    @ar
200 1  @a孩子一定要学的礼仪课@Ahai zi yi ding yao xue de li yi ke@e把孩子培养成有教养、受欢迎的人@f(意)妮席娅·拉尼亚多著@g唐冲译
210    @a北京@c北京理工大学出版社@d2019.10
215    @a146页@d21cm
225 2  @a关键期关键帮助系列@Aguan jian qi guan jian bang zhu xi lie
330    @a本书是一本写给家长看的亲子书,主要涉及孩子礼仪教育问题。作者结合案例告诉家长:如何教导孩子尊重他人而不否定自己;对不同年龄段孩子,要有哪些礼仪要求;在与人会面、聊天、聚餐等场合,如何做到举止得体;在学校、饭店、度假胜地、公交车、医院等公共场合,应遵守哪些礼仪,从而受人欢迎。
461  0 @12001 @a关键期关键帮助系列
517 1  @a把孩子培养成有教养、受欢迎的人@Aba hai zi pei yang cheng you jiao yang 、 shou huan ying de ren
606 0  @a礼仪@Ali yi@x学前教育@j教学参考资料
690    @aG611@v5
701  1 @c(意)@a拉尼亚多@Ala ni ya duo@b妮席娅@4著
702  0 @a唐冲@Atang chong@4译
801  0 @aCN@bBJSZM@c20201105
905    @b1263013-4@dG611@e1355@f2
    
    孩子一定要学的礼仪课:把孩子培养成有教养、受欢迎的人/(意)妮席娅·拉尼亚多著/唐冲译.-北京:北京理工大学出版社,2019.10
    146页;21cm.-(关键期关键帮助系列)
    
    
    ISBN 978-7-5682-7472-2:CNY39.80
    本书是一本写给家长看的亲子书,主要涉及孩子礼仪教育问题。作者结合案例告诉家长:如何教导孩子尊重他人而不否定自己;对不同年龄段孩子,要有哪些礼仪要求;在与人会面、聊天、聚餐等场合,如何做到举止得体;在学校、饭店、度假胜地、公交车、医院等公共场合,应遵守哪些礼仪,从而受人欢迎。
●
相关链接 在E读中查询图书 在五车中查询图书 在当当中查询图书 在豆瓣中查询图书


正题名:孩子一定要学的礼仪课     索取号:G611/1355         预约/预借

序号 登录号 条形码 馆藏地/架位号 状态 备注
1 1263013   212630134   第一样本阅览室/ [索取号:G611/1355] 在馆    
2 1263014   212630143   第四借阅区/ [索取号:G611/1355] 在馆    
唐山师范学院图书馆 欢迎您!
大连网信软件有限公司© 版权所有